Linear programming and network flows

Αποθηκεύτηκε σε:
Λεπτομέρειες βιβλιογραφικής εγγραφής
Κύριος συγγραφέας: Bazaraa, M. S.
Άλλοι συγγραφείς: Jarvis, John J., Sherali, Hanif D. 1952-
Μορφή: Βιβλίο
Γλώσσα:English
Δημοσίευση: Hoboken, NJ : Wiley-Interscience, c2005
Έκδοση:3rd ed.
Θέματα:
Ετικέτες: Προσθήκη ετικέτας
Δεν υπάρχουν, Καταχωρήστε ετικέτα πρώτοι!

MARC

LEADER 00000nam a2200000 i 4500
001 1/50809
008 070907s2005 eng d
020 |a 0-471-48599-3 
020 |a 978-0-471-48599-5 
035 |l 10089553 
040 |a GR-MY-UA  |b gre  |e aacr 
041 0 |a eng 
082 0 |a 519.72  |2 (22) 
100 1 |a Bazaraa, M. S. 
245 1 0 |a Linear programming and network flows /  |c Mokhtar S. Bazaraa, John J. Javris, Hanif D. Sherali 
250 |a 3rd ed. 
260 |a Hoboken, NJ :   |b Wiley-Interscience,   |c c2005 
300 |a 727 σ.;  |b σχ.;  |c 24 εκ. 
504 |a Βιβλιογραφία: σ. 665-713. Ευρετήριο 
650 0 0 |a Linear programming. 
650 0 0 |a Network analysis (Planning) 
700 1 |a Jarvis, John J. 
700 1 |a Sherali, Hanif D.  |d 1952- 
852 |a INST  |b CHIOS  |e 20070806  |h 519.72 BAZ  |p 005200025685  |q 005200025685  |t BK  |y 0 
852 |a INST  |b SAMOS  |e 20080109  |h 519.72 BAZ  |p 005300027522  |q 005300027522  |t BK  |y 0 
901 |a BIBL3-2008-1 
901 |a BIBL2-2007-3 
909 |a Σ  |b 140458 
909 |a Χ  |b 137204 
922 |a 3ΕΛΗ  |b 200711  |c ΕΠΕΑΕΚ2/ΤΜΗΜΑ ΜΑΘΗΜΑΤΙΚΩΝ  |d ΕΛΕΥΘΕΡΟΥΔΑΚΗΣ 
922 |a 2ΕΛΗ  |b 200707  |c ΕΠΕΑΕΚ2/ΤΜΟΔ  |d ΕΛΕΥΘΕΡΟΥΔΑΚΗΣ 
970 |a ΑΤΣΑΛΗ  |b ΔΕΣΠΟΙΝΑ  |z 2007/09/07